000 00800cam a2200241 a 4500
001 000005890
005 20240510073816.0
008 730626s1972 cr 001 0 spa
040 _aDO-SdBNP
_cOU
_dPPiU
_dDLC
082 _a928.682
_bI46p
100 1 _aIngenieros, José,
_d1877-1925.
_916601
245 1 3 _aEl pensamiento revolucionario de José Ingenieros /
_cJosé Ingenieros.
260 _aSan José, Costa Rica :
_bEDUCA,
_c1972.
300 _a335 p. ;
_c17 cm.
490 1 _aAula
500 _aUniversitaria Centroamericana
504 _aBibliografía: p. [337]-[338]
650 0 _aFilosofía
_9813
600 1 4 _aINGENIEROS, JOSÉ,
_d1877-1925
_916602
700 1 _aCastellanos, Juan Mario,
_eprefacio y selección.
_916603
830 0 _aAula
_916604
910 _aCatalogación por copia / LC
999 _c5686
_d5686